=LDR 00000nam 2200000 4500 =001 INLIS000000000017169 =005 20200206102521 =035 ##$$a 0010-061300000017169 =008 200206###########################0###### =245 ##$$a Desain grafis dengan corelIDRAW 11 =260 ##$$a jakarta :$b Infotek,$c 2003 =990 ##$$a 20603036 =990 ##$$a 20603037 =990 ##$$a 20603038 =990 ##$$a 20603039 =990 ##$$a 20604975 =990 ##$$a 20603037 =990 ##$$a 20603036 =990 ##$$a 20603038 =990 ##$$a 20603039 =990 ##$$a 20604975 =990 ##$$a 20603038 =990 ##$$a 20603036 =990 ##$$a 20603037 =990 ##$$a 20603039 =990 ##$$a 20604975 =990 ##$$a 20603039 =990 ##$$a 20603036 =990 ##$$a 20603037 =990 ##$$a 20603038 =990 ##$$a 20604975